000 00523nam a2200193 a 4500
020 _a0669417157
040 _cDLC
082 0 0 _a500 HOU 1997 A080 Or.
100 1 _aShipman, James T.
245 1 3 _aAn introduction to physical science /
250 _a8th ed.
260 _aBoston :
_bHoughton Mifflin Co.,
_cc1997.
300 _axx, 748, 58 p. :
_bcol. ill., col. maps ;
_c27 cm.
500 _aIncludes index.
650 0 _aPhysical sciences.
700 1 _aWilson, Jerry D.
700 1 _aTodd, Aaron W.
942 _cEK
999 _c15592
_d15592